Czechy - Kraje samorządowe - Statystyki

Ogólne statystyki
  • Ten quiz został rozwiązany 45 razy
  • Średni wynik to 4 z 14
Statystyki odpowiedzi
Kraje samorządowe % Poprawnych
Praga
100%
Kraj liberecki
29%
Kraj morawsko-śląski
29%
Kraj południowoczeski
29%
Kraj południowomorawski
29%
Kraj ołomuniecki
26%
Kraj ustecki
26%
Kraj hradecki
24%
Kraj pilzneński
24%
Kraj środkowoczeski
24%
Kraj karlowarski
21%
Kraj pardubicki
21%
Kraj zliński
21%
Kraj Wysoczyna
18%
Nie znaleziono quizów pasujących do podanych kryteriów
Rozkład punktacji
Procent ludzi z każdym wynikiem
Percentyl według liczby udzielonych odpowiedzi
Twoja historia wyników
Nie rozwiązałeś tego quizu